| 000 | 00848nam a2200289 a 4500 | ||
|---|---|---|---|
| 001 | vtls000085704 | ||
| 003 | NLI | ||
| 005 | 20210601194911.0 | ||
| 008 | 101125s1964 nju 000 0 eng | ||
| 039 | 9 |
_y201011250927 _zVLOAD |
|
| 040 | 0 |
_aNLI _beng _cEntertech-2003 _eAACR2 |
|
| 041 | 0 | _aeng | |
| 044 | _anju | ||
| 082 | 0 | 4 | _a174 |
| 100 | 1 |
_aHoward, Vernon, _d1918- |
|
| 245 | 1 | 0 |
_aSecrets of mental magic : _bhow to use your full power of mind / _cVernon Howard |
| 260 |
_aEnglewood Cliffs : _bPrentice-Hall, _cc1964 |
||
| 300 |
_axiii, 222 p. ; _c23 cm. |
||
| 504 | _aIncludes bibliographical foot notes | ||
| 650 | 0 |
_aSuccess _957998 |
|
| 650 | 0 |
_aMental discipline _94315 |
|
| 887 | _a | ||
| 901 |
_aG32891 _b12.08.1986 |
||
| 902 | _aE174 H837 | ||
| 949 |
_AVIRTUAITEM _D10000 _X100 _6GXX000032891ENG |
||
| 942 |
_2ddc _cBKS |
||
| 999 |
_aVIRTUA00 _c88872 _d88872 |
||